| 000 | 00720nam a22002057a 4500 | ||
|---|---|---|---|
| 999 |
_c15910 _d15910 |
||
| 003 | AR-CdUCM | ||
| 008 | 190430b ||||| |||| 00| 0 spa d | ||
| 040 |
_aMUNICIPALIDAD PROVINCIAL DEL CUSCO _cBIBLIOTECA MUNICIPAL DEL CUSCO |
||
| 082 |
_a320.92 / _bCH61 |
||
| 100 |
_aChirinos Soto, Enrique _98275 |
||
| 245 | _aActores en el drama del Perú y del mundo / | ||
| 260 |
_aLima : _bDivulgación Popular, _c1961. |
||
| 300 |
_a253 páginas ; _bIlustraciones, _c18 cm. |
||
| 505 | _aContenido: El hijos de dios -- Santa Rosa de Lima -- Pio XII -- Andrés Martínez -- La mariscala ... | ||
| 650 |
_aPolíticos _931 |
||
| 650 |
_aPerú _935 |
||
| 650 |
_aSiglo XX. _98 |
||
| 942 |
_2ddc _cLIBROS |
||
| 945 |
_aacv _d2019-04-30 |
||